00478nam a2200181Ia 4500003000400000005001700004008004100021020002200062040000700084041000800091082002200099100002100121245006100142260004100203300001600244365001400260650002200274OSt20230316111508.0210423s2015 xx 000 0 und d a978-93-51116-94-3 cAL aeng a574.88 223bKUMM aKUMAR (Manendra) aMicrobial methods in molecular biology and biotechnology aNew DelhibRandom Publicationsc2015 axii,280bHB b1495cINR aMolecular Biology